Les meilleurs buteurs de l'histoire du FC Lorient - Statistiques

Statistiques générales
  • Ce quiz a été pris 121 fois
    45 depuis la dernière actualisation
  • Le résultat moyen est 4 sur 10
Statistiques - réponses
Buts Nationalité Joueur % Correct
56 France Kévin Gameiro
97%
37 Côte d'Ivoire Elie Kroupi
74%
35 Nigeria Terem Moffi
63%
53 France Jean-Claude Darcheville
55%
33 France Jérémie Aliadière
34%
37 République démocratique du Congo Yoane Wissa
29%
35 Côte d'Ivoire Bakari Koné
18%
48 France Pierre-Yves Hamel
13%
35 France Bernard Bouger
3%
28 France Eli Junior Kroupi
0%
Aucun quiz correspondant
Distribution des résultats
% des personnes avec chaque résultat
Percentile par nombre de réponses
Votre historique - résultats
Vous n’avez pas pris ce quiz depuis la dernière actualisation